| 000 | 01843nam a2200385 c 4500 | ||
|---|---|---|---|
| 003 | BLK | ||
| 005 | 20240709091524.0 | ||
| 008 | 180408b bul|||||r ||||||| ||bul|| | ||
| 010 | _aKNG00080770000 | ||
| 020 |
_a978-954-28-0167-2 _bиздат.: Сиела Софт енд Паблишинг - на том(ч. 4) |
||
| 040 | _aBLK | ||
| 041 |
_aBUL _cBUL |
||
| 080 |
_aЛитература на отделни езици и езикови семейства _b821 _x(4-15)(075.8) _z821(4-15)(075.8) |
||
| 100 | 1 |
_aХаджикосев, Симеон Дончев _eпърви автор _9363366 |
|
| 139 |
_aХаджикосев, Симеон Дончев _bХ 15 |
||
| 245 | 1 | 0 |
_aЗападноевропейска литература _bЧ. 1 - За том: Романтизмът във Франция, Италия, Испания и Португалия _cСимеон Дончев Хаджикосев. _nЧ. 4 _pРомански романтизъм |
| 257 | _aBGR | ||
| 260 |
_аСофия _c2000 - |
||
| 300 | _c24 см | ||
| 380 | _a82 | ||
| 500 | _aАзб. показалец. | ||
| 590 | _aф | ||
| 650 | 4 |
_aЗападноевропейска литература - критика _9275846 |
|
| 650 | 4 |
_aРомантизъм в литературата _9269876 |
|
| 653 | _aзападноевропейска литература | ||
| 653 | _aромантизъм | ||
| 653 | _aромански литератури | ||
| 760 | 1 |
_3- на том(ч. 4) _aХаджикосев, Симеон Дончев _dСиела Софт енд Паблишинг, 2007 _h588 с. _tЧ. 4 Романски романтизъм |
|
| 852 | _aЦб 205881 | ||
| 856 | 4 |
_qpdf _u |
|
| 856 | 4 |
_qpdf _u |
|
| 942 |
_cKNG _n0 _06 |
||
| 944 |
_aCR _c24.01.2008 _lЦветомила Тодорова _k30576 |
||
| 944 |
_aED _c29.07.2009 _lф / _k |
||
| 999 |
_c76339 _d76339 |
||